000 00688nam a22002297a 4500
001 BR9404778
003 BR-BrBNA
005 20240306114155.0
007 ta
008 230509b bl.||||| |||| 00| 0 por d
040 _aBR-BrBNA
_bpor
_cBiblioteca Nacional de Agricultura
041 _a(Por)
072 _aA50
090 _aA50
_bBR9404778
110 1 _aEmpresa Brasileira de Pesquisa Agropecuaria, Brasilia, DF (Brasil). Depto. de Difusao de Tecnologia
_93839
245 1 _aDDT - Proposta de reestruturacao e linhas de acao
260 3 _aBrasilia, DF (Brasil):
_c1985.
300 _a67 p.
650 _aAdministracao de Pesquisa
650 _aPesquisa Agricola
942 _cBK
_2AGRIS
999 _c49738
_d49738